| 000 -LEADER |
| fixed length control field |
01205nam a22002177a 4500 |
| 005 - DATE AND TIME OF LATEST TRANSACTION |
| control field |
20240126141728.0 |
| 008 - FIXED-LENGTH DATA ELEMENTS--GENERAL INFORMATION |
| fixed length control field |
240126b ||||| |||| 00| 0 eng d |
| 020 ## - INTERNATIONAL STANDARD BOOK NUMBER |
| International Standard Book Number |
9781684121632 |
| 040 ## - CATALOGING SOURCE |
| Transcribing agency |
KH8 |
| 082 ## - DEWEY DECIMAL CLASSIFICATION NUMBER |
| Classification number |
FIC MAT |
| 100 ## - MAIN ENTRY--PERSONAL NAME |
| Personal name |
Matthews, Andrew, |
| Dates associated with a name |
1948- |
| Relator term |
Author |
| 245 ## - TITLE STATEMENT |
| Title |
The Shakespeare stories / |
| Statement of responsibility, etc. |
Andrew Matthews |
| 260 ## - PUBLICATION, DISTRIBUTION, ETC. |
| Place of publication, distribution, etc. |
California, San Diego, |
| Name of publisher, distributor, etc. |
Silver Dolphin, |
| Date of publication, distribution, etc. |
2017 |
| 300 ## - PHYSICAL DESCRIPTION |
| Extent |
255 pages : |
| Other physical details |
illustrations ; |
| Dimensions |
20 cm |
| 500 ## - GENERAL NOTE |
| General note |
Cover title<br/>"4 books in one."<br/>Text originally published in: Oxford book of Shakespeare stories: London : Orchard, 2001 |
| 520 ## - SUMMARY, ETC. |
| Summary, etc. |
"Discover the literary world of Shakespeare with these fantastic kid-friendly retellings of his most famous works. From the ghostly adventures of Hamlet to the fairy-filled romp of A Midsummer Night's Dream, these stories come alive with illustrations throughout that capture the humor and drama from the original stories. This set is a perfect introduction to Shakespeare for young readers!"--Publisher's description |
| 650 ## - SUBJECT ADDED ENTRY--TOPICAL TERM |
| Topical term or geographic name entry element |
Shakespeare, William, |
| Chronological subdivision |
1564-1616 |
| 650 ## - SUBJECT ADDED ENTRY--TOPICAL TERM |
| Topical term or geographic name entry element |
Shakespeare, William, |
| General subdivision |
Adaptations Juvenile fiction |
| Chronological subdivision |
1564-1616 |
| 700 ## - ADDED ENTRY--PERSONAL NAME |
| Personal name |
Tony Ross |
| Relator term |
Illustrator |
| 942 ## - ADDED ENTRY ELEMENTS (KOHA) |
| Source of classification or shelving scheme |
|
| Koha item type |
Books - Fiction |